000 00979nam a2200229Ia 4500
003 OSt
005 20200730154536.0
008 191128s2006 ck gr f000 0 spa d
040 _aCO-JMCR
_cCO-JMCR
041 0 _aspa
082 0 4 _a342.02 /
_bC718c
_223
110 1 _aColombia.
_bMinisterio del Interior y de Justicia
_93541
245 1 0 _aConstitución Política de Colombia /
_cMinisterio del Interior y de justicia
260 _aBogotá :
_bImprenta Nacional de Colombia,
_c2006
300 _aix, 533 páginas ;
_c25 cm.
504 _aBibliografía: páginas 533
505 0 _aDe los principios fundamentales -- De los derechos, las garantías y los deberes -- De los habitantes y del territorio -- De la participación democrática y los partidos políticos -- De la organización del estado -- De la rama legislativa
650 1 4 _aPrincipios fundamentales
_98127
650 1 4 _aOrganización del estado
_98128
650 1 4 _aRama legislativa
_98129
942 _2ddc
_cBK
999 _c5885
_d5885